Countries in which Pearl Jam Played Concerts - Statistics

General Stats
  • This quiz has been taken 229 times
  • The average score is 28 of 38
Answer Stats
Shows Country % Correct
661 United States
100%
66 Canada
98%
37 United Kingdom
96%
9 France
95%
28 Germany
95%
9 Mexico
95%
21 Italy
94%
54 Australia
91%
12 Spain
91%
18 Brazil
90%
8 Japan
89%
6 Sweden
85%
5 Argentina
84%
6 Norway
84%
23 Netherlands
83%
8 Portugal
81%
7 New Zealand
79%
7 Poland
79%
6 Belgium
77%
7 Chile
77%
1 Finland
77%
6 Ireland
77%
5 Austria
75%
5 Denmark
75%
5 Switzerland
75%
1 Greece
72%
1 Colombia
68%
1 Peru
64%
5 Czechia
60%
1 Hungary
60%
1 Turkey
59%
1 Croatia
45%
1 Thailand
45%
1 Slovenia
42%
1 Philippines
37%
1 Taiwan
37%
1 Singapore
30%
1 Costa Rica
26%
No matching quizzes found
Score Distribution
Percent of People with Each Score
Percentile by Number Answered
Your Score History
You have not taken this quiz